Top 10 - Nomeie os países do mundo com a melhor gastronomia - Statistics

Estatísticas Gerais
  • Esse quiz foi jogado 120 vezes
  • A pontuação média é 7 de 10
Estatísticas das Respostas
Resposta % Correto
Itália
94%
França
92%
Japão
88%
Espanha
83%
China
78%
México
77%
Portugal
70%
Grécia
47%
Indonésia
27%
Peru
27%
Nenhum quiz correspondente encontrado
Distribuição das Pontuações
Porcentagem de Pessoas com Cada Pontuação
Percentil de Números Respondidos
Sua Pontuação Histórica
Você não jogou esse quiz